000 00321nam a22001337a 4500
005 20251014124925.0
008 251014b |||||||| |||| 00| 0 eng d
020 _a9780700708406
_qhbk
041 _aeng
082 _a050
_bWIE.40
100 _aWiedemann
245 _aUralic And Altaic Series
_c/Wiedemann
942 _cREF
999 _c591570
_d591570